000
00241nam a2200097Ia 4500
001
1007076
005
20250826230558.0
008
250824s9999 xx 000 0 und d
245
0
_a
BÜYÜK SORUMLULUK
_c
SİMA ÖZKAN
260
_b
BETA YAYINLARI
999
_c
1007076
_d
1007076